000 00717nam a2200229Ia 4500
003 GCL
008 140319s9999 xx 000 0 ara d
020 _a9484232977
040 _aGCL /
_cGCL
082 0 4 _a372.218
_bا م
100 1 _aامل خلف
245 1 0 _aمدخل الى رياض الاطفال /
_cامل خلف
250 _aالاولى
260 _aالقاهرة :
_bعالم الكتب ،
_c2005
300 _a224 ص ؛
_c24 سم
650 0 4 _aرياض الاطفال
650 0 4 _aمدارس الحضانة
650 0 4 _aالتعليم الابتدائى
650 0 4 _aالاطفال - علم نفس
650 0 4 _aتعليم الاطفال - اغراضه واهدافه
942 _2ddc
_cBK
999 _c9728
_d9728